A works council manual : supplemental to Research report no. 21.

Bibliographic Details
Corporate Author: National Industrial Conference Board
Format: Book
Language:English
Published: Boston, Mass. : National industrial conference board, [1920]
Series:Its Research report, no. 26
Subjects:

MARC

Tag First Indicator Second Indicator Subfields
LEADER 00000cam a2200000 4500
001 in00000218813
005 20151009083443.0
008 751208s1920 maue 00000 eng
010 |a  20009492  
035 |a (OCoLC)01880357 
035 |9 AAZ9504AM 
040 |a DLC  |c FQG  |d TXA  |d UtOrBLW 
049 |a TXAM  |c [802816] 
050 0 0 |a HD5650  |b .N32 
110 2 |a National Industrial Conference Board. 
245 1 2 |a A works council manual :  |b supplemental to Research report no. 21. 
264 1 |a Boston, Mass. :  |b National industrial conference board,  |c [1920] 
264 4 |c ©1920 
300 |a v, 32 pages :  |b diagrams ;  |c 23 cm. 
336 |a text  |b txt  |2 rdacontent 
337 |a unmediated  |b n  |2 rdamedia 
338 |a volume  |b nc  |2 rdacarrier 
490 0 |a Its Research report, no. 26 
650 0 |a Management  |x Employee participation. 
999 |a MARS 
999 f f |s 113c5fa8-8462-3ee9-a342-f847db68e8a3  |i 0f8c13d7-cad7-3d66-b2d8-396e3c3debae  |t 0 
952 f f |p ric  |a Texas A&M University  |b Rellis Campus  |c Joint Library Facility  |d Remote Storage  |t 0  |e HD5650 .N32  |h Library of Congress classification  |i unmediated -- volume  |m A14802680073 
998 f f |a HD5650 .N32  |t 0  |l Remote Storage